| 000 | 00000nas##2200000za#4500 |
| 001 | 9.507179 |
| 003 | CaOODSP |
| 005 | 20210125135455 |
| 007 | cr ||||||||||| |
| 008 | 150406c2002||||xxc|| p o||||f| |0eng|d |
| 022 | |a1917-0211 |
| 040 | |aCaOODSP|beng |
| 043 | |an-cn--- |
| 086 | 1 |aCC171-17E-PDF |
| 110 | 2 |aCanadian Nuclear Safety Commission. |
| 245 | 10|aCanadian Nuclear Safety Commission - report on public proceedings and decisions |h[electronic resource] |
| 260 | |aOttawa - Ontario : |bCanadian Nuclear Safety Commission |
| 310 | |aAnnual |
| 362 | 1 |a2001/2002-2002/2003 |
| 775 | 08|tCommission canadienne de sûreté nucléaire - rapport ... sur les délibérations publiques et les décisions |w(CaOODSP)9.503570 |